000 00234nam a2200097Ia 4500
008 120527s9999 xx 000 0 und d
100 _aGIDDENE, Duneier
245 _aIntroduction to Sociology
260 _bWW Norton & Coy
942 _cBK
999 _c25458
_d25458